Catalog

Record Details

Catalog Search



The host : a novel  Cover Image Book Book

The host : a novel / Stephenie Meyer.

Summary:

Melanie Stryder refuses to fade away. The earth has been invaded by a species that take over the minds of human hosts while leaving their bodies intact. Wanderer, the invading "soul" who has been given Melanie's body, didn't expect to find its former tenant refusing to relinquish possession of her mind. As Melanie fills Wanderer's thoughts with visions of Jared, a human who still lives in hiding, Wanderer begins to yearn for a man she's never met. Reluctant allies, Wanderer and Melanie set off to search for the man they both love. Featuring one of the most unusual love triangles in literature,

Record details

  • ISBN: 9780316068048
  • ISBN: 0316068047
  • Physical Description: 619 pages ; 25 cm
  • Edition: First edition.
  • Publisher: New York : Little, Brown and Co., ©2008.
Subject: Spirit possession > Fiction.
Betrayal > Fiction.
Biological invasions > Fiction.
Triangles (Interpersonal relations) > Fiction.
Genre: Romance fiction.
Science fiction.
Apocalyptic fiction.
Novels.

LDR 02667pam a2200361 a 4500
001116404
003SBPL
00520150707103518.0
008070810s2008 nyu 000 1 eng d
010 . ‡a 2007033060
020 . ‡a9780316068048 ‡q(hardcover)
020 . ‡a0316068047 ‡q(hardcover)
035 . ‡a(CONS)116404
035 . ‡a(CPomAG)LMN308773
05000. ‡aPS3613.E979 ‡bH67 2008
08200. ‡a813/.6 ‡222
1001 . ‡aMeyer, Stephenie, ‡d1973- : ‡eauthor
24514. ‡aThe host : ‡ba novel / ‡cStephenie Meyer.
250 . ‡aFirst edition.
260 . ‡aNew York : ‡bLittle, Brown and Co., ‡c©2008.
300 . ‡a619 pages ; ‡c25 cm
336 . ‡atext ‡btxt ‡2rdacontent
337 . ‡aunmediated ‡bn ‡2rdamedia
338 . ‡avolume ‡bnc ‡2rdacarrier
520 . ‡aMelanie Stryder refuses to fade away. The earth has been invaded by a species that take over the minds of human hosts while leaving their bodies intact. Wanderer, the invading "soul" who has been given Melanie's body, didn't expect to find its former tenant refusing to relinquish possession of her mind. As Melanie fills Wanderer's thoughts with visions of Jared, a human who still lives in hiding, Wanderer begins to yearn for a man she's never met. Reluctant allies, Wanderer and Melanie set off to search for the man they both love. Featuring one of the most unusual love triangles in literature,
650 0. ‡aSpirit possession ‡vFiction.
650 0. ‡aBetrayal ‡vFiction.
650 0. ‡aBiological invasions ‡vFiction.
650 0. ‡aTriangles (Interpersonal relations) ‡vFiction.
655 7. ‡aRomance fiction. ‡2lcgft
655 7. ‡aScience fiction. ‡2lcgft
655 7. ‡aApocalyptic fiction. ‡2lcgft
655 7. ‡aNovels. ‡2lcgft
901 . ‡a116404 ‡bUnknown ‡c116404 ‡tbiblio

Additional Resources